Normal view
MARC view
- Khawar, Hayyan Bin
Entry Personal Name
001 - CONTROL NUMBER
- control field: 4757
003 - CONTROL NUMBER IDENTIFIER
- control field: NUST
005 - DATE AND TIME OF LATEST TRANSACTION
- control field: 20170921151555.0
008 - FIXED-LENGTH DATA ELEMENTS
- fixed length control field: 170921|| aca||aabn | a|a d
040 ## - CATALOGING SOURCE
- Original cataloging agency: NUST
- Transcribing agency: NUST
100 ## - HEADING--PERSONAL NAME
- Personal name: Khawar, Hayyan Bin
670 ## - SOURCE DATA FOUND
- Source citation: Work cat.: (NUST): Khawar, Hayyan Bin, The electricity crisis: revising Pakistan's energy mix, Pakistan
